00514 2200193 4500001002100000005001700021008004100038035002500079040001200104082001000116090001600126100002500142245005100167260003400218300002100252650001800273850001200291990001700303INLIS00000000000670020150622091503.0  a0010-061500000000821 aYOPDYOG a649.1 a649.1 Adh S aMohamad Fauzil Adhim aSaat berharga untuk anakcMohamad Fauzil Adhim aYogyakartabPro-U Mediac2009 a244 hlm.c20 cm. aMengasuh anak aYOPDYOG a1030-KS/B.10